| 000 | 00491nam a22001577a 4500 | ||
|---|---|---|---|
| 020 | _qHBK. | ||
| 082 | _a658 | ||
| 100 | _aHayat, Qaiser | ||
| 245 |
_aImpact of Branding and Brand Elements on the Sales of PEPSI Cola International _cQaiser Hayat. |
||
| 260 |
_aIslamabad: _bNBS - NUST, _c2015. |
||
| 300 |
_a77 p. : ill. ; _c30cm. |
||
| 650 |
_aMBA Thesis. _917629 |
||
| 700 |
_aMr. Bilal Ahmed Chohan. _918188 |
||
| 942 |
_2ddc _cTHE |
||
| 999 |
_c527450 _d527450 |
||